000 00293nam a22001337a 4500
008 171222b xxu||||| |||| 00| 0 eng d
020 _a9780143121268
041 _aeng
080 _a33
100 _a58
101 _aBUS
245 _aNOW YOU IT SEE
_cDAVIDSON,C.N
942 _2udc
_cBK
999 _c39349
_d39349